000 01004cai a22001695a 4500
001 L160186
008 181022u2018 xxk g 000 0 eng d
035 _a(Sirsi) u160186
041 0 _aeng
110 2 _aGlobal Land Tool Network
245 0 0 _aCount me in: Surveying for tenure security and urban land management
520 _aThis book is about involving and engaging urban poor communities in one of the first steps of any participatory planning or upgrading initiative. It describes how we can use ?participatory enumerations? a surveying method used to gain better knowledge of the needs and priorities of the community. It presents and analyses existing and novel applications of participatory enumerations to enhance tenure security and improve urban land management.
650 2 4 _aUNITED NATIONS
650 2 4 _aLAND REGISTRATION
856 4 0 _uhttps://gltn.net/2016/11/14/count-me-in-surveying-for-tenure-security-and-urban-land-management/
_zView free of charge on GLTN website
942 _n0
999 _c121072
_d121072